000 00730nam a2200217Ia 4500
008 130821s1962 mx gr spa
040 _aCo-BoUCM
_bspa
041 _aspa
100 _aBrow, Joe David
_9156020
245 _aIndia
_cPor Joe David Brow y los redactores de Life en español
260 _aMéxico D.F. (México)
_bOffset Multicolor
_c1962
300 _a160 páginas
490 _aBiblioteca Universal de Life en Español
650 0 4 _aGeografía
_916335
650 0 4 _aVida social y costumbres
_98225
651 _aIndia
_926639
651 _aIndia
_vGeografía
_926639
651 _aIndia
_xVida social y costumbres
_999886
942 _cLIBRO
_a2
_e1
_mB76I
_2DEWEY
_h915.4
999 _c15726
_d15726